000 00543cam a22002051 4500
001 sa 68016628
003 DLC
005 20260227112656.0
008 790129q19601969io 000 0 ind
010 _asa 68016628
035 _a(OCoLC)4596527
040 _aDLC
_cOAU
_dDLC
042 _apremarc
050 0 0 _aBX1758.2
_b.P63
100 1 _aPoedja, A.
245 1 0 _aEthica,
_coleh A. Poedja.
260 _a[Djakarta]
_bPusat Rawatan Rohani Katolik/SAD
_c[196-?]
300 _a90 p.
_c16 cm.
650 0 _aChristian ethics
_xCatholic authors.
999 _c87216
_d87216